Minivan pod tristotisíc!

Bibliographic Details
Main Authors: Horvát, Andrej (Author), Prosnan, Jozef (Author)
Format: Article
Language:Slovak
PhysicalDescription:Fotogr., tab.
ISSN:1335-4620
Subjects:

MARC

LEADER 00000nab a2200000 ar4500
001 vtls008998157
003 SK-MaSNL
005 20260303065833.0
008 070612c2007 xo er|p|||||||000 b|slo
015 |a SNBRB2007/06  |2 snkbucl 
040 |a SNKBUCL  |b slo  |c SNKBUCL  |e AACR2 
041 0 |a slo 
044 |a xo  |c SK 
080 |a 629.331.1/.2  |2 2001 
100 1 |a Horvát, Andrej  |4 aut  |9 856766 
245 1 0 |a Minivan pod tristotisíc!  |c Andrej Horvát, Jozef Prosnan 
300 |b Fotogr., tab. 
650 0 7 |a Dacia Logan MCV (osobný automobil)  |2 snkbucl  |9 1056099 
650 0 7 |a osobné automobily  |2 snkbucl  |9 26643 
700 1 |a Prosnan, Jozef  |4 aut  |9 894195 
773 0 |t Profit  |g Č. 4 (2007), s. 48-49  |x 1335-4620 
852 |a SNK  |b KIS3GCP 
958 |a RO 
999 |c 1752944  |d 1754874